Kipará; símbolo de identidad y cultura embera (Registro nro. 20440)
[ vista simple ]
| 000 -CABECERA | |
|---|---|
| Campo de control | 00775nam a22002177a 4500 |
| 005 - FECHA Y HORA DE LA ULTIMA TRANSACCION | |
| Campo de control | 20190725083304.0 |
| 008 - ELEMENTOS DE LONGITUD FIJA—INFORMACION GENERAL | |
| Campo de control | 190311b xxu||||| |||| 00| 0 spa d |
| 020 ## - ISBN | |
| ISBN | 9789585773769 |
| 040 ## - FUENTE DE CATALOGACIÓN | |
| Agencia catalogadora original | CO-BoIAVH |
| Agencia transcriptora | CO-BoIAVH |
| 041 ## - IDIOMA | |
| Código de idioma para texto/pista de sonido o título separado | Español |
| 044 ## - PAÍS DE PUBLICACIÓN | |
| País de publicación | Colombia |
| 090 ## - CLASIFICACIÓN LOCAL | |
| Colección | FG |
| Consecutivo | 0336 |
| 100 ## - ASIENTO PRINCIPAL--NOMBRE PERSONAL | |
| 9 (RLIN) | 10201 |
| Nombre personal | Cardona, Antonio María |
| 245 10 - MENCION DE TITULO | |
| Título | Kipará; símbolo de identidad y cultura embera |
| 260 ## - PUBLICACION, DISTRIBUCION, ETC. (PIE DE IMPRENTA) | |
| Lugar de publicación, distribución, etc. | Quibdó Chocó, Colombia: |
| Nombre del editor, distribuidor, etc. | Instituto de Investigaciones Ambientales del Pacífico IIAP |
| Fecha de publicación, distribución, etc. | 2018. |
| 300 ## - DESCRIPCION FISICA | |
| Extensión | 28 páginas |
| Dimensiones | 19X22cm |
| 650 #0 - ASIENTO SECUNDARIO DE MATERIA - TERMINO TEMATICO | |
| 9 (RLIN) | 72195 |
| Término temático o nombre geográfico como elemento de entrada | Conocimiento ecológico tradicional. |
| Subdivisión geográfica | Pacífico (Región, Colombia) |
| 650 #0 - ASIENTO SECUNDARIO DE MATERIA - TERMINO TEMATICO | |
| 9 (RLIN) | 101646 |
| Término temático o nombre geográfico como elemento de entrada | Biodiversidad agrícola |
| 710 ## - ASIENTO SECUNDARIO - NOMBRE CORPORATIVO | |
| Nombre corporativo o de jurisdicción como elemento de entrada | Cabildo mayor Indígena zona Costera Pacífica (Camizcop) |
| 9 (RLIN) | 101578 |
| 942 ## - ELEMENTOS ADICIONALES (KOHA) | |
| Sistema de clasificación | Local |
| Tipo de ítem | Folleto |
| Withdrawn status | Lost status | Sistema de Clasificación | Damaged status | No para préstamo | Colección | Ubicación Permanente | Ubicación actual | Fecha de adquisición | Total Checkouts | Número topográfico | Inventario / Código de Barras | Date last seen | Ejemplar | Price effective from | Forma de adquisición | Tipo de material |
|---|---|---|---|---|---|---|---|---|---|---|---|---|---|---|---|---|
| Local | Hemeroteca | Bogotá | Bogotá | 11/03/2019 | FG-0336 | 030438 | 11/03/2019 | Ej. 1 | 11/03/2019 | Donación | Folleto | |||||
| Local | Hemeroteca | Bogotá | Bogotá | 11/03/2019 | FG-0336 | 030439 | 11/03/2019 | Ej. 2 | 11/03/2019 | Donación | Folleto | |||||
| Local | Hemeroteca | Bogotá | Bogotá | 11/03/2019 | FG-0336 | 030441 | 11/03/2019 | Ej. 3 | 11/03/2019 | Donación | Folleto |